000 00948cam a22002897a 4500
003 CHAP
005 20220329140233.0
008 971013s1977 r 00010 d
010 _a49039
011 _a50011
035 _a54161
040 _cCHAP
090 _aTesis
100 0 0 _aVerdesoto Alvarez, Galo.
_9118849
245 1 3 _aLa posición estructural de los campesinos de la región del Plan Zacapoaxtla, Puebla, México
260 _aChapingo, Méx. :
_bEl autor,
_c1977
300 _a199 h.
502 _aTesis (M.C. Esp. en Economía Agrícola) -- Colegio de Postgraduados. Rama de Economía Agrícola
590 _aALEPH
_b10
_c20130110
_lUCH01
_h1321
590 _aBATCH-UPD
_b10
_c20130110
_lUCH01
_h0752
590 _aCONVERSION
_b10
_c20130109
_lUCH01
_h1327
650 1 4 _aCampesinado
_xPuebla.
_918035
650 1 4 _aPlan Zacapoaxtla.
_988682
901 _aBK
942 _cTESIS
949 _bBC
_cTES
_d-119647
_eTS1
_h18704
_i54161
_si
999 _c49039
_d49039